=LDR 00000nam 2200000 4500 =001 INLIS000000000010953 =005 20130612102547 =008 ***********************************Ind** =035 ##$$0010-061300000010953 =041 ##$$a Ind =082 ##$$a 658.403 =090 ##$$a 658.403, Man-p =100 ##$$a Manurung, Adler Haymans =245 ##$$a Pengambilan keputusan pendekatan kuantatif, Adler Haymans Manurung =260 ##$$a 1991 $b Jakarta =300 ##$$a viii,116 hlm., ilus, 21 cm =650 ##$$a Manajemen =650 ##$$a pengambilan keputusan =850 ##$$a NBPNMAT